My autobiography /

Bibliographic Details
Main Author: Mussolini, Benito, 1883-1945
Other Authors: Child, Richard Washburn, 1881-1935
Format: Book
Language:English
Published: New York : C. Scribner's sons, 1928.
Subjects:

MARC

Tag First Indicator Second Indicator Subfields
LEADER 00000cam a2200000 4500
001 in00000080230
005 20151008060900.0
008 740613s1928 nyua 00010 engd
010 |a  28025560  
035 |a (OCoLC)00917663 
035 |9 AAJ6805AM 
040 |c SJD  |d m.c.  |d TXA  |d UtOrBLW 
049 |a TXAM  |c 1 [138481], 2 [146236] 
050 0 0 |a DG575 M8   |b A2 1928 
100 1 |a Mussolini, Benito,  |d 1883-1945. 
245 1 0 |a My autobiography /  |c by Benito Mussolini, with a foreword by Richard Washburn Child. 
264 1 |a New York :  |b C. Scribner's sons,  |c 1928. 
300 |a xix, 318 pages :  |b illustrations ;  |c 21 cm. 
336 |a text  |b txt  |2 rdacontent 
337 |a unmediated  |b n  |2 rdamedia 
338 |a volume  |b nc  |2 rdacarrier 
600 1 0 |a Mussolini, Benito,  |d 1883-1945. 
651 0 |a Italy  |x Politics and government  |y 1914-1945. 
700 1 |a Child, Richard Washburn,  |d 1881-1935. 
999 |a MARS 
999 f f |s d858eaac-c22e-378d-bee0-70d0094a4da9  |i 560196d8-1afd-3e11-8c48-a62bb2ce59b9  |t 0 
952 f f |p normal  |a Texas A&M University  |b College Station  |c Sterling C. Evans Library  |s Evans stk  |d Evans: Library Stacks  |t 0  |e DG575 M8 A2 1928  |h Library of Congress classification  |i unmediated -- volume  |m A14806098406 
998 f f |a DG575 M8 A2 1928  |t 0  |l Evans: Library Stacks